000 00837nam a2200217 a 4500
003 0
005 20250403091530.0
008 050809s19uu xx 00 eng d
050 _aPGS LB 1620.5.C65
_b.Oh36 2005
100 _aOh, Sang Yeop.
245 _aCollege degree preference of Lower School grade six students /
_cSang Yeop Oh.
260 _aLas PiƱas City, Philippines :
_bSouthville International School and Colleges,
_c2005.
300 _a26 pages :
_billustrations ;
_c28 cm.
504 _aIncludes bibliographical references.
650 _aCollege choice
_vElementary school students.
650 _aEducational aspirations
_vGrade 6 students.
650 _aCareer preferences
_vChildren.
650 _aHigher education
_vStudent decision-making.
650 _aCollege majors
_vStudent attitudes.
942 _2lcc
_cPASS
999 _c97403
_d97403